Cuatro entremeses / (Record no. 12588)

MARC details
000 -CABECERA
campo de control de longitud fija 00652nam a2200229 a 4500
005 - FECHA Y HORA DE LA ÚLTIMA TRANSACCIÓN
campo de control 20240611063642.0
008 - ELEMENTOS DE LONGITUD FIJA--INFORMACIÓN GENERAL
campo de control de longitud fija 991125s1996 mx 000 0 spa u
020 ## - NÚMERO INTERNACIONAL NORMALIZADO PARA LIBROS
Número Internacional Estándar del Libro 968165045X
035 ## - NÚMERO DE CONTROL DEL SISTEMA
Número de control de sistema UPN01000012588
049 ## - COLECCIÓN
Colección F
050 #4 - SIGNATURA TOPOGRÁFICA DE LA BIBLIOTECA DEL CONGRESO
Número de clasificación PQ6325 A1
Número de documento/Ítem C8
100 1# - ASIENTO PRINCIPAL--NOMBRE PERSONAL
Nombre de persona Cervantes Saavedra, Miguel de,
Fechas asociadas al nombre 1547-1616
245 10 - MENCIÓN DE TÍTULO
Título Cuatro entremeses /
Mención de responsabilidad, etc. Miguel de Cervantes Saavedra
260 ## - PUBLICACIÓN, DISTRIBUCIÓN, ETC.
Lugar de publicación, distribución, etc. México :
Nombre del editor, distribuidor, etc. FCE,
Fecha de publicación, distribución, etc. 1996
300 ## - DESCRIPCIÓN FÍSICA
Extensión 79 p.
440 #0 - MENCIÓN DE SERIE/ASIENTO SECUNDARIO--TÍTULO
Título Fondo 2000
500 ## - NOTA GENERAL
Nota general "Tomado de: Entremeses"
650 #4 - ASIENTO SECUNDARIO DE MATERIA - TERMINO TEMATICO
Término de materia o nombre geográfico como elemento de entrada ENTREMESES
9 (RLIN) 21482
650 #4 - ASIENTO SECUNDARIO DE MATERIA - TERMINO TEMATICO
Término de materia o nombre geográfico como elemento de entrada Literatura española (Selecciones, Extractos, etc.)
9 (RLIN) 13828
904 ## - ELEMENTOS DE DATOS D LOCAL, LDD (RLIN)
a AC
b 012589
905 ## - TIPO DE MATERIAL
Tipo de material Libro
Holdings
Estado de retiro Estado de pérdida Fuente del sistema de clasificación o colocación Estado dañado No para préstamo Código de colección Localización permanente Ubicación/localización actual Ubicación en estantería Fecha de adquisición Enumeración/cronología de publicación seriada Clasificación Código de barras Fecha visto por última vez Número de copia Tipo de ítem Koha
    Library of Congress Classification   Disponible (Préstamo en sala) Folletería Bib. Gregorio Torres Quintero Bib. Gregorio Torres Quintero Colecciones especiales Planta alta 04/05/2023 - PQ6325 A1 C8 151095 31/12/2020 1 Folleto